| 000 | 00000nam##2200000za#4500 |
| 001 | 9.558030 |
| 003 | CaOODSP |
| 005 | 20210624172201 |
| 007 | cr ||||||||||| |
| 008 | 150406|2002||||xxc|||||o f|0| 0 eng|d |
| 020 | |a0-662-31482-4 |
| 040 | |aCaOODSP|beng |
| 043 | |an-cn--- |
| 086 | 1 |aH113-13/2001-2E-IN |
| 110 | 1 |aCanada. |bPest Management Regulatory Agency. |
| 245 | 10|aChildren's health priorities within the Pest Management Regulatory Agency |h[electronic resource] |
| 260 | |aOttawa - Ontario : |bHealth Canada. |cJanuary 3, 2002. |
| 300 | |a9p.|btable |
| 490 | 1 |aScience policy notices |vSPN 2002-01 |
| 590 | |a11-32-Supp|b2011-12-20 |
| 775 | 08|tLes priorités en matière de santé infantile à l'Agence de réglementation de la lutte antiparasitaire |w(CaOODSP)9.591009 |
| 776 | 0#|tChildren's health priorities within the Pest Management Regulatory Agency |w(CaOODSP)9.615858 |
| 830 | #0|aScience policy notices ;|vSPN 2002-01|w(CaOODSP)9.504452 |
| 856 | 40|ahttp://publications.gc.ca|qPDF|s125 KB|uhttps://publications.gc.ca/collections/Collection/H113-13-2001-2E.pdf|ySPN 2002-01 |